[Event "ICS rated blitz match"]
[Site "204.178.125.65"]
[Date "2001.09.13"]
[Round "?"]
[White "Hadoken"]
[Black "Hossa"]
[Result "1-0"]
[WhiteElo "2702"]
[BlackElo "2595"]
[PlyCount "67"]
[EventDate "2001.??.??"]

1. e4 c5 2. Nf3 d6 3. d4 cxd4 4. Nxd4 Nf6 5. Nc3 a6 6. Bc4 e6 7. Bb3 b5 8. O-O
b4 9. Na4 Bd7 10. f3 Be7 11. c3 bxc3 12. Nxc3 Nc6 13. Nxc6 Bxc6 14. Qe2 d5 15.
exd5 Nxd5 16. Nxd5 exd5 17. Re1 Kf8 18. Bf4 Bg5 19. Bxg5 Qxg5 20. Qc2 Qf6 21.
Rac1 Qd4+ 22. Kh1 Bd7 23. Qc7 Be6 24. Qd6+ Kg8 25. Rxe6 Qxb2 26. Rce1 g6 27.
Re7 Rf8 28. Bxd5 Kg7 29. Bxf7 a5 30. Bxg6+ Kh6 31. Bf7+ Kg7 32. Bd5+ Rf7 33.
Rxf7+ Kg8 34. Rd7# {Hossa checkmated} 1-0

[Event "ICS rated blitz match"]
[Site "204.178.125.65"]
[Date "2001.09.13"]
[Round "?"]
[White "IgorIvanov"]
[Black "Hossa"]
[Result "0-1"]
[WhiteElo "2406"]
[BlackElo "2584"]
[PlyCount "106"]
[EventDate "2001.??.??"]

1. d4 Nf6 2. c4 e6 3. Nf3 d5 4. Bg5 Bb4+ 5. Nc3 Bxc3+ 6. bxc3 Nbd7 7. cxd5 exd5
8. e3 h6 9. Bh4 Nb6 10. Bd3 Bg4 11. Qb3 Bxf3 12. gxf3 Qe7 13. a4 a5 14. O-O O-O
15. Kh1 Qe6 16. Rg1 Nh5 17. Rg2 Rfe8 18. Rag1 Qh3 19. Bg3 Qd7 20. Bb5 c6 21.
Be2 Nc8 22. Be5 g6 23. f4 Ng7 24. Bg4 Qe7 25. f5 f6 26. f4 g5 27. e4 fxe5 28.
fxe5 Qf7 29. f6 Ne6 30. h4 dxe4 31. Bxe6 Qxe6 32. Qxe6+ Rxe6 33. hxg5 h5 34. g6
Nb6 35. Rg5 Nd5 36. Rxh5 Nxf6 37. exf6 Rxf6 38. Re5 Rf3 39. Rb1 Rb8 40. c4 Rc3
41. c5 Kg7 42. Rxe4 Kxg6 43. Kg2 Ra3 44. d5 cxd5 45. Rd4 Kf6 46. Rxd5 Rxa4 47.
Rd7 Rc8 48. Rb5 Ke5 49. Kf3 Ra3+ 50. Ke2 Rh8 51. Rdxb7 Rh2+ 52. Kd1 Raa2 53.
c6+ Kd6 {IgorIvanov resigns} 0-1

[Event "ICS rated blitz match"]
[Site "204.178.125.65"]
[Date "2001.09.13"]
[Round "?"]
[White "IgorIvanov"]
[Black "Hossa"]
[Result "0-1"]
[WhiteElo "2395"]
[BlackElo "2594"]
[PlyCount "64"]
[EventDate "2001.??.??"]

1. d4 Nf6 2. c4 e6 3. Nc3 Bb4 4. Nf3 d5 5. Bg5 c6 6. e3 Qa5 7. Bxf6 Bxc3+ 8.
bxc3 Qxc3+ 9. Nd2 gxf6 10. Rc1 Qa5 11. Bd3 Qxa2 12. O-O Nd7 13. e4 Qa3 14. Qf3
dxe4 15. Nxe4 f5 16. Nc3 Qd6 17. Rfd1 Qxd4 18. Bxf5 Qg7 19. Ne4 exf5 20. Nd6+
Kd8 21. Qxf5 f6 22. Rc3 Kc7 23. Nb5+ cxb5 24. cxb5+ Kd8 25. Qc5 Qe7 26. Qc7+
Ke8 27. Rcd3 Rg8 28. Kf1 Rg5 29. f4 Rc5 30. Qa5 Rc4 31. g3 Nc5 32. Rd8+ Kf7 {
IgorIvanov resigns} 0-1

[Event "ICS rated blitz match"]
[Site "204.178.125.65"]
[Date "2001.09.13"]
[Round "?"]
[White "Hossa"]
[Black "IgorIvanov"]
[Result "0-1"]
[WhiteElo "2602"]
[BlackElo "2401"]
[PlyCount "120"]
[EventDate "2001.??.??"]

1. e4 e5 2. Nf3 Nc6 3. Nc3 Nf6 4. g3 Bb4 5. Bg2 d6 6. d3 Bxc3+ 7. bxc3 Bg4 8.
O-O Qd7 9. Bg5 h6 10. Bxf6 gxf6 11. Qb1 O-O-O 12. Qb5 Ne7 13. Qb3 Be6 14. Qb2
h5 15. Rab1 b6 16. Nh4 Ng6 17. Nxg6 fxg6 18. f3 h4 19. g4 h3 20. Bh1 f5 21. Qa3
Kb8 22. Qa6 f4 23. Rf2 Qc6 24. Qa3 Qc5 25. Qb2 d5 26. exd5 Bxd5 27. c4 Bb7 28.
Re1 Rhe8 29. a3 g5 30. Qb3 a5 31. Rb1 Bc6 32. a4 Ka7 33. Qa2 Rd6 34. Qa1 Qd4
35. Qa3 Bd7 36. Re1 Qc5 37. Qa1 Rde6 38. Rb1 Bc6 39. Kf1 Qd4 40. Qa3 Bb7 41.
Qb3 Rc6 42. Re2 Rc5 43. Rd1 Bc6 44. Rde1 Qd7 45. Ra1 e4 46. fxe4 Qd4 47. Ree1
f3 48. Bxf3 Rf8 49. Ke2 Bd7 50. Rf1 Rc6 51. Qa3 Rcf6 52. c5 bxc5 53. Rac1 Bxg4
54. Bxg4 Rf2+ 55. Rxf2 Rxf2+ 56. Kd1 Qe3 57. Qxc5+ Qxc5 58. Be2 Qe3 59. Ra1
Rxe2 60. d4 Qd2# {Hossa checkmated} 0-1

[Event "ICS rated blitz match"]
[Site "204.178.125.65"]
[Date "2001.09.13"]
[Round "?"]
[White "Hossa"]
[Black "IgorIvanov"]
[Result "1-0"]
[WhiteElo "2580"]
[BlackElo "2422"]
[PlyCount "31"]
[EventDate "2001.??.??"]

1. e4 e5 2. Nf3 Nc6 3. Nc3 Nf6 4. g3 Bb4 5. Bg2 d6 6. d3 Bg4 7. a3 Bxc3+ 8.
bxc3 Qd7 9. h3 Be6 10. Ng5 h6 11. Nxe6 fxe6 12. O-O O-O 13. Rb1 b6 14. f4 Rf7
15. fxe5 Nxe5 16. d4 {IgorIvanov resigns} 1-0

[Event "ICS rated blitz match"]
[Site "204.178.125.65"]
[Date "2001.09.13"]
[Round "?"]
[White "Hossa"]
[Black "NewHal9000"]
[Result "0-1"]
[WhiteElo "2589"]
[BlackElo "2808"]
[PlyCount "119"]
[EventDate "2001.??.??"]

1. e4 c5 2. Nf3 e6 3. d4 cxd4 4. Nxd4 Nc6 5. Nc3 Qc7 6. Be2 a6 7. f4 b5 8. Nb3
Be7 9. O-O d6 10. Bf3 Bb7 11. f5 Nf6 12. fxe6 fxe6 13. Kh1 O-O 14. Bf4 b4 15.
Na4 Ne5 16. Bxe5 dxe5 17. Qe2 Qc6 18. Na5 Qxa4 19. Nxb7 Ra7 20. Qc4 Rxb7 21.
Qxe6+ Kh8 22. Qxe5 Qxc2 23. Rac1 Qd3 24. Rcd1 Qc4 25. b3 Qb5 26. Qa1 Rd7 27. e5
Rxd1 28. Rxd1 Nd7 29. Re1 Rf5 30. e6 Ne5 31. Qd1 Nxf3 32. gxf3 Rf6 33. Qd7 Qh5
34. Re3 Qh3 35. Qd3 Rxe6 36. Rxe6 Qxe6 37. Qe4 Qxe4 38. fxe4 g5 39. Kg2 Kg7 40.
Kg3 Kg6 41. h3 h5 42. Kf3 Kf6 43. Ke3 Ke5 44. Kf3 Kd4 45. e5 Kc3 46. Ke4 Kb2
47. Kd5 Kxa2 48. Ke6 g4 49. hxg4 hxg4 50. Kxe7 g3 51. e6 g2 52. Kd6 g1=Q 53. e7
Qd4+ 54. Kc6 Qe4+ 55. Kc5 Qxe7+ 56. Kd5 Kxb3 57. Kd4 a5 58. Kd5 a4 59. Kd4 a3
60. Kd5 {Hossa resigns} 0-1

[Event "ICS rated standard match"]
[Site "204.178.125.65"]
[Date "2001.09.14"]
[Round "?"]
[White "Hossa"]
[Black "Tinker"]
[Result "0-1"]
[WhiteElo "2221"]
[BlackElo "2173"]
[PlyCount "132"]
[EventDate "2001.??.??"]

1. d4 Nf6 2. Nf3 e6 3. c4 d5 4. Nc3 Be7 5. Bg5 Nbd7 6. e3 O-O 7. cxd5 exd5 8.
Bd3 c6 9. O-O Re8 10. Qc2 h6 11. Bh4 Ne4 12. Bxe7 Qxe7 13. Bxe4 dxe4 14. Nd2
Nf6 15. Nc4 Bf5 16. Ne2 c5 17. Rfd1 cxd4 18. Nxd4 Bg4 19. Rdc1 Nd5 20. Qb3 Red8
21. Qb5 Qg5 22. Qxb7 Bh3 23. g3 Rdb8 24. Qc6 Rc8 25. Qb5 Rab8 26. Qa5 Nb4 27.
Qxa7 Ra8 28. Qb7 Nd3 29. Rc2 Nc5 30. Qb5 Bd7 31. Qb4 Rcb8 32. Qd2 Nd3 33. b3
Nb4 34. Rc3 Bg4 35. a3 Qh5 36. Nb2 Qh3 37. Qc1 Nd5 38. Rc2 Rd8 39. Nc4 Nb4 40.
Rd2 Nd3 41. Qf1 Qh5 42. f3 Bh3 43. Qe2 Nc5 44. f4 Bg4 45. Qg2 Bh3 46. Qh1 Rac8
47. Rb1 f6 48. b4 Na4 49. Na5 Qe8 50. Re1 f5 51. b5 Rc3 52. Nac6 Rd5 53. Ra2
Qf8 54. Nb4 Rd7 55. Raa1 Rxa3 56. Nbc6 Qc5 57. Rxa3 Qxa3 58. Ne5 Rxd4 59. g4
Qb2 60. Nf3 Rc4 61. Nd4 Rxd4 62. Rc1 Qxc1+ 63. Kf2 Qxh1 64. exd4 Qf1+ 65. Kg3
Qg2+ 66. Kh4 Qxg4# {Hossa checkmated} 0-1

[Event "ICS rated blitz match"]
[Site "204.178.125.65"]
[Date "2001.09.14"]
[Round "?"]
[White "Hossa"]
[Black "DefaultSwap"]
[Result "1-0"]
[WhiteElo "2585"]
[BlackElo "2050"]
[PlyCount "79"]
[EventDate "2001.??.??"]

1. e4 e5 2. Nf3 Nc6 3. Bb5 a6 4. Bxc6 dxc6 5. O-O Qd6 6. Na3 b5 7. c3 Bb7 8.
Qb3 c5 9. Nc4 bxc4 10. Qxb7 Rd8 11. b3 cxb3 12. axb3 f6 13. Rxa6 Qd7 14. Rd1
Bd6 15. Ra8 Ne7 16. Rxd8+ Qxd8 17. Qa6 O-O 18. Qc4+ Kh8 19. Ba3 Qb8 20. Bxc5
Bxc5 21. Qxc5 Qxb3 22. Rc1 Qb2 23. Re1 Re8 24. Qxc7 Ng6 25. d4 h6 26. Qf7 Rd8
27. Qxg6 Qxc3 28. dxe5 fxe5 29. Qe6 Rf8 30. Rf1 Qd3 31. Nxe5 Qa3 32. Ng6+ Kh7
33. Nxf8+ Qxf8 34. e5 Qf4 35. Qe8 Qe4 36. e6 h5 37. Qxh5+ Kg8 38. Rd1 g6 39.
Rd8+ Kg7 40. Qh8# {DefaultSwap checkmated} 1-0

[Event "ICS rated blitz match"]
[Site "204.178.125.65"]
[Date "2001.09.14"]
[Round "?"]
[White "sandy"]
[Black "Hossa"]
[Result "0-1"]
[WhiteElo "2675"]
[BlackElo "2586"]
[PlyCount "84"]
[EventDate "2001.??.??"]

1. e4 c5 2. Nf3 d6 3. d3 Nc6 4. g3 Nf6 5. Bg2 Rb8 6. O-O e5 7. h3 Be7 8. c3 Bd7
9. Nh2 Qc8 10. g4 O-O 11. Qe2 Be6 12. Bg5 b5 13. Nd2 b4 14. Be3 bxc3 15. bxc3
Rb2 16. f4 Bxa2 17. g5 Nd7 18. f5 c4 19. dxc4 Na5 20. Qh5 Nxc4 21. Nxc4 Bxc4
22. Ng4 Bxf1 23. Rxf1 Qxc3 24. f6 Qc2 25. Rf2 Qb1+ 26. Kh2 Rxf2 27. Bxf2 Bd8
28. Nh6+ Kh8 29. Nxf7+ Kg8 30. Nxd8 Rxd8 31. f7+ Kh8 32. g6 Nf8 33. Bh4 Rc8 34.
gxh7 Rc7 35. Qf5 Qa2 36. Bd8 Rxf7 37. Qc8 Kxh7 38. Bh4 Ng6 39. Bg3 Nf4 40. Bxf4
exf4 41. Qg4 f3 42. Qh5+ Kg8 {sandy resigns} 0-1

[Event "ICS rated standard match"]
[Site "204.178.125.65"]
[Date "2001.09.14"]
[Round "?"]
[White "Tinker"]
[Black "Hossa"]
[Result "0-1"]
[WhiteElo "2176"]
[BlackElo "2203"]
[PlyCount "106"]
[EventDate "2001.??.??"]

1. e4 c5 2. Nf3 d6 3. d4 cxd4 4. Nxd4 Nf6 5. Nc3 a6 6. Be2 e5 7. Nb3 Be7 8. O-O
O-O 9. Be3 Be6 10. Qd2 Nbd7 11. a4 Rc8 12. Nc1 Nc5 13. Bf3 b6 14. Nd3 Bc4 15.
Rab1 Nxd3 16. cxd3 Bb3 17. Rfc1 Nd7 18. Be2 f5 19. exf5 Rxf5 20. Bg4 Rf7 21.
Ra1 Rb8 22. Kh1 Nc5 23. Bh5 Rf8 24. Re1 Qd7 25. d4 exd4 26. Bxd4 Bh4 27. Bxc5
bxc5 28. Bf3 Bf6 29. Qd3 Bf7 30. Be4 g6 31. Re2 c4 32. Qf3 Be5 33. Bc6 Qd8 34.
Qe3 Rb6 35. Be4 Rb3 36. f4 Bg7 37. f5 d5 38. fxg6 hxg6 39. Rd1 d4 40. Qf2 d3
41. Ree1 Qb6 42. Qg3 Rxb2 43. Nd5 Qd8 44. Nf4 Qd6 45. Rf1 Re8 46. Qf3 Qf6 47.
Bd5 g5 48. Nh5 Qxf3 49. Bxf3 d2 50. Nxg7 Kxg7 51. Bc6 Rc8 52. Be4 c3 53. Rg1
Bb3 {Tinker resigns} 0-1

[Event "ICS rated blitz match"]
[Site "204.178.125.65"]
[Date "2001.09.14"]
[Round "?"]
[White "Hossa"]
[Black "LinuxKnight"]
[Result "0-1"]
[WhiteElo "2601"]
[BlackElo "2812"]
[PlyCount "105"]
[EventDate "2001.??.??"]

1. e4 e5 2. Nf3 Nc6 3. Bb5 a6 4. Ba4 Nf6 5. O-O Be7 6. Re1 b5 7. Bb3 O-O 8. h3
d6 9. c3 Na5 10. Bc2 c5 11. d4 Nd7 12. dxe5 dxe5 13. Qe2 Qc7 14. Rd1 Nb6 15. b3
Be6 16. Be3 Rad8 17. Nbd2 h6 18. Nf1 Nb7 19. Ng3 Rxd1+ 20. Rxd1 Rd8 21. Rxd8+
Bxd8 22. Nd2 Nd6 23. Qh5 Nd7 24. a3 Qa5 25. Nb1 Qc7 26. Bd2 a5 27. Be3 b4 28.
Bxh6 gxh6 29. Qxh6 c4 30. axb4 cxb3 31. Bd1 axb4 32. cxb4 Qc4 33. Nh5 Ne8 34.
Qe3 Qxb4 35. Nc3 Ba5 36. Nd5 Bxd5 37. exd5 b2 38. Bc2 b1=Q+ 39. Bxb1 Qxb1+ 40.
Kh2 Qa2 41. Qe4 Kf8 42. f4 exf4 43. Nxf4 Qf2 44. Qf3 Qxf3 45. gxf3 Bc7 46. Kg3
f5 47. h4 Nef6 48. Kf2 Bxf4 49. d6 Bxd6 50. Kg2 Ne5 51. Kf2 Bc5+ 52. Kg3 Nh5+
53. Kg2 {Hossa resigns} 0-1

[Event "ICS rated blitz match"]
[Site "204.178.125.65"]
[Date "2001.09.14"]
[Round "?"]
[White "josechess"]
[Black "Hossa"]
[Result "0-1"]
[WhiteElo "2109"]
[BlackElo "2594"]
[PlyCount "134"]
[EventDate "2001.??.??"]

1. Nf3 d5 2. b3 Bg4 3. e3 e5 4. h3 Bxf3 5. Qxf3 e4 6. Qd1 Nf6 7. Be2 Bd6 8. d3
exd3 9. cxd3 O-O 10. Bb2 Nbd7 11. Nd2 Qe7 12. O-O Be5 13. Bxe5 Qxe5 14. Nf3 Qe7
15. Qc2 c6 16. Qb2 Qd6 17. b4 a5 18. a3 axb4 19. axb4 Rfe8 20. Rfb1 Nf8 21. Ra3
Rxa3 22. Qxa3 Ne6 23. Bf1 d4 24. e4 Nd7 25. g3 Rb8 26. Nd2 b5 27. Nb3 c5 28.
Nxc5 Nexc5 29. bxc5 Nxc5 30. Qb4 h6 31. f4 g6 32. e5 Qd5 33. Bg2 Qa2 34. Rd1
Qe2 35. Qd2 Qxd2 36. Rxd2 b4 37. Bd5 b3 38. Rb2 Nxd3 39. Rxb3 Rxb3 40. Bxb3 Kg7
41. Kf1 Nc5 42. Bc2 Kf8 43. Ke2 Ke7 44. Bd3 Ke8 45. g4 g5 46. fxg5 hxg5 47. Bf5
Kd8 48. Kd2 Kc7 49. Ke2 Kc6 50. Bb1 Kd5 51. Ba2+ Kxe5 52. Bxf7 Kf4 53. Kf2 Nd3+
54. Ke2 Ne5 55. Be6 Kg3 56. Bc8 Kxh3 57. Kf2 Kh4 58. Ke2 Kg3 59. Be6 Kf4 60.
Bc8 d3+ 61. Kd2 Ke4 62. Bf5+ Kd4 63. Bh7 Nc4+ 64. Ke1 Ke3 65. Kf1 d2 66. Bc2
Kf4 67. Ke2 Ne3 {josechess resigns} 0-1

[Event "ICS rated blitz match"]
[Site "204.178.125.65"]
[Date "2001.09.14"]
[Round "?"]
[White "Hossa"]
[Black "josechess"]
[Result "1-0"]
[WhiteElo "2596"]
[BlackElo "2107"]
[PlyCount "121"]
[EventDate "2001.??.??"]

1. e4 c6 2. d4 d5 3. Nd2 dxe4 4. Nxe4 Bf5 5. Ng3 Bg6 6. N1e2 Nf6 7. Nf4 Nd5 8.
Nxg6 hxg6 9. c4 Nf6 10. Qb3 Qb6 11. Qxb6 axb6 12. Bd3 e6 13. Bf4 Nh5 14. Nxh5
Rxh5 15. Kd2 Be7 16. Kc3 Nd7 17. a3 Rha5 18. h3 Kf8 19. Rhe1 Bf6 20. Rad1 e5
21. dxe5 Nxe5 22. Kc2 Nxd3 23. Rxd3 b5 24. Bd6+ Kg8 25. c5 Ra4 26. Kb3 Rd4 27.
Rxd4 Bxd4 28. Re7 b6 29. cxb6 Bxb6 30. Bg3 Bd4 31. Rc7 Ra6 32. Rd7 Bf6 33. Bf4
Ra4 34. Be3 Rc4 35. g3 Be5 36. f4 Bf6 37. Rc7 Re4 38. Bd2 Rd4 39. Kc2 Rc4+ 40.
Kb1 Rd4 41. Bc3 Rc4 42. Bb4 g5 43. b3 Re4 44. Rc8+ Kh7 45. fxg5 Bxg5 46. Rxc6
Re3 47. Rc3 Re1+ 48. Kc2 Re4 49. Rc5 Bf6 50. Rxb5 Re3 51. Bd6 Rc3+ 52. Kd2 Rf3
53. a4 Rc3 54. a5 Rc6 55. Rb6 Rc8 56. b4 Bd4 57. Ra6 Bc3+ 58. Ke3 Rd8 59. Rc6
Be1 60. a6 Re8+ 61. Kf3 {josechess resigns} 1-0

[Event "ICS rated blitz match"]
[Site "204.178.125.65"]
[Date "2001.09.14"]
[Round "?"]
[White "NAZZBLUE"]
[Black "Hossa"]
[Result "0-1"]
[WhiteElo "2872"]
[BlackElo "2598"]
[PlyCount "194"]
[EventDate "2001.??.??"]

1. d4 Nf6 2. c4 e6 3. Nc3 Bb4 4. Qc2 O-O 5. a3 Bxc3+ 6. Qxc3 b6 7. Bg5 h6 8.
Bh4 c5 9. dxc5 bxc5 10. e3 d6 11. Bd3 Nbd7 12. Nf3 Bb7 13. O-O Bxf3 14. gxf3
Rb8 15. Bg3 Rb6 16. Kh1 Qc7 17. Bc2 Qc6 18. Kg2 Nh5 19. Rg1 Nxg3 20. hxg3 Ne5
21. e4 Qc7 22. Rh1 Nc6 23. Ba4 Nd4 24. Rh5 f5 25. exf5 Nxf5 26. Rah1 a5 27. Bc2
Nd4 28. Be4 Rb3 29. Qc1 Rf6 30. f4 Qb6 31. Qd1 Rxb2 32. Qa4 Qd8 33. Qd1 Rb3 34.
Qa1 Qe8 35. R5h4 Qa4 36. Qf1 Qxa3 37. Qa1 a4 38. Rh5 Qb4 39. Qc1 Rc3 40. Qb1
Rxc4 41. Qd3 Qc3 42. Rb1 Qxd3 43. Bxd3 Rb4 44. Rxb4 cxb4 45. Ra5 a3 46. Ra4 Rf8
47. Rxb4 Ra8 48. Bb1 Ne2 49. f5 exf5 50. Ba2+ Kh7 51. Rc4 Ra5 52. Rc6 f4 53.
Kf1 f3 54. Ke1 Re5 55. Bb1+ Kg8 56. Kd1 Rc5 57. Rxc5 dxc5 58. Ba2+ Kf8 59. Kc2
Nd4+ 60. Kb1 Nb5 61. Kc2 Nd6 62. Bd5 c4 63. Bxf3 Ke7 64. Bc6 Nf5 65. Bd5 Nd4+
66. Kb1 c3 67. Bc4 c2+ 68. Kc1 Kf6 69. g4 Kg5 70. f3 Kf4 71. Kd2 Kxf3 72. g5
hxg5 73. Bd5+ Kf2 74. Bf7 g4 75. Bb3 Nxb3+ 76. Kxc2 a2 77. Kxb3 a1=B 78. Ka2
Bd4 79. Kb3 Kg1 80. Kc4 Be3 81. Kd3 Bf2 82. Ke4 Be1 83. Kf5 Bd2 84. Kxg4 Kg2
85. Kf5 g5 86. Kg4 Kf2 87. Kf5 Kf3 88. Ke5 g4 89. Kd4 g3 90. Kd3 Ba5 91. Kc4 g2
92. Kb5 g1=Q 93. Kxa5 Qb1 94. Ka4 Ke4 95. Ka3 Kd5 96. Ka4 Kc4 97. Ka3 Qa1# {
NAZZBLUE checkmated} 0-1

[Event "ICS rated blitz match"]
[Site "204.178.125.65"]
[Date "2001.09.14"]
[Round "?"]
[White "Hossa"]
[Black "NAZZBLUE"]
[Result "1/2-1/2"]
[WhiteElo "2625"]
[BlackElo "2845"]
[PlyCount "166"]
[EventDate "2001.??.??"]

1. e4 e5 2. Nf3 Nc6 3. Bb5 a6 4. Ba4 Nf6 5. d4 exd4 6. O-O Be7 7. Re1 b5 8. e5
Nxe5 9. Rxe5 d6 10. Re1 bxa4 11. Nxd4 Bd7 12. Qf3 O-O 13. Nc6 Bxc6 14. Qxc6 d5
15. Bf4 Rc8 16. Qxa4 Bd6 17. Nc3 Rb8 18. Bg5 Rb4 19. Qxa6 Rxb2 20. Qd3 c6 21.
Nd1 Rb7 22. Qf5 Qd7 23. Qxd7 Nxd7 24. a4 Ra8 25. Bd2 Nc5 26. Nc3 f6 27. Ra2 Be5
28. a5 Rba7 29. f3 Nb7 30. Nd1 Nxa5 31. Be3 Ra6 32. f4 Bd6 33. Nb2 Nb7 34. Rxa6
Rxa6 35. Nd3 Ra2 36. Rb1 Rxc2 37. Rxb7 Rc3 38. Rb6 Kf8 39. Kf1 Rxd3 40. Rxc6
Ke7 41. Ke2 Ra3 42. Rc8 Ra4 43. Rg8 g6 44. f5 gxf5 45. Rg7+ Ke6 46. Rxh7 d4 47.
Bd2 Ra3 48. Rh8 d3+ 49. Kf3 Ra2 50. Ke3 Bf4+ 51. Kxf4 Rxd2 52. g3 Re2 53. Rd8
d2 54. h4 Rg2 55. Kf3 Rh2 56. Ke3 Rg2 57. Kf3 Ke7 58. Rd3 Rh2 59. Ke3 Kf7 60.
Rxd2 f4+ 61. gxf4 Rxd2 62. Kxd2 Kg6 63. Ke3 Kh5 64. Kf3 Kxh4 65. Ke4 Kg4 66. f5
Kg5 67. Ke3 Kxf5 68. Kf3 Ke5 69. Ke3 f5 70. Kf3 f4 71. Kg2 Ke4 72. Kf2 f3 73.
Kf1 Ke5 74. Kg1 Kf5 75. Kf2 Kf4 76. Kf1 Kg3 77. Kg1 Kh3 78. Kf2 Kg4 79. Kf1 Kf4
80. Kf2 Ke4 81. Kf1 Ke3 82. Ke1 f2+ 83. Kf1 Kf3 {Hossa stalemated} 1/2-1/2

[Event "ICS rated blitz match"]
[Site "204.178.125.65"]
[Date "2001.09.14"]
[Round "?"]
[White "NAZZBLUE"]
[Black "Hossa"]
[Result "1-0"]
[WhiteElo "2836"]
[BlackElo "2634"]
[PlyCount "91"]
[EventDate "2001.??.??"]

1. c4 Nf6 2. g3 e5 3. Bg2 Nc6 4. Nc3 Bc5 5. a3 O-O 6. e3 d6 7. b4 Bb6 8. h3 a5
9. b5 Ne7 10. d3 Rb8 11. e4 Nd7 12. Na4 Ba7 13. Be3 Bxe3 14. fxe3 f5 15. Qb3
Kh8 16. Qc2 fxe4 17. dxe4 Qe8 18. Ne2 b6 19. Rf1 Rxf1+ 20. Bxf1 Bb7 21. Nec3
Qg6 22. g4 Qg5 23. Kd2 Nf8 24. Bd3 Ne6 25. Rh1 Rf8 26. Rf1 Rxf1 27. Bxf1 Qh4
28. Kd1 Ng6 29. Nd5 Qd8 30. Qf2 Ng5 31. Bg2 Kg8 32. Ke2 Bc8 33. Kf1 Nf7 34.
Nac3 Bb7 35. Ne2 Ng5 36. Ng3 Ne6 37. Nf5 Nc5 38. Kg1 Bc8 39. h4 Kh8 40. h5 Nf8
41. h6 gxh6 42. Nfe7 Nfd7 43. Qf7 Bb7 44. Nf6 Bxe4 45. Bxe4 Nxe4 46. Qxh7# {
Hossa checkmated} 1-0

[Event "ICS rated blitz match"]
[Site "204.178.125.65"]
[Date "2001.09.14"]
[Round "?"]
[White "Hossa"]
[Black "monsoon"]
[Result "0-1"]
[WhiteElo "2626"]
[BlackElo "2609"]
[PlyCount "162"]
[EventDate "2001.??.??"]

1. c4 e5 2. Nc3 Nc6 3. g3 g6 4. Bg2 Bg7 5. e3 d6 6. Nge2 Be6 7. d3 Qd7 8. O-O
Bh3 9. Bxh3 Qxh3 10. Kh1 Nf6 11. Ng1 Qd7 12. f4 exf4 13. Rxf4 g5 14. Rf1 O-O-O
15. e4 h6 16. Nge2 Qh3 17. Ng1 Qe6 18. Bd2 Rdf8 19. Nd5 Ne5 20. Qc2 Neg4 21.
Qa4 Kb8 22. Bc3 c6 23. Bd4 c5 24. Bc3 Rfg8 25. Rf5 Nxd5 26. cxd5 Qe7 27. Raf1
f6 28. Rc1 h5 29. h3 Nh6 30. Rff1 Nf7 31. b4 g4 32. bxc5 dxc5 33. h4 Nd6 34.
Rcd1 b6 35. Kh2 f5 36. Bxg7 Qxg7 37. Rde1 fxe4 38. dxe4 Qe5 39. Re2 Rf8 40.
Rfe1 Rh7 41. Rd1 Rg7 42. Rde1 Rf3 43. Rg2 Rc3 44. Rf1 Rc7 45. Rf8+ Kb7 46. Ne2
Rc4 47. Qb3 Rxe4 48. Qd3 b5 49. Qc2 a6 50. Rgf2 Re3 51. Nf4 Ne4 52. Re2 Nxg3
53. Rxe3 Nf1+ 54. Kg1 Nxe3 55. Qe2 Re7 56. Kh2 c4 57. a3 Qg7 58. Ne6 g3+ 59.
Kh3 g2 60. Nxg7 g1=N+ 61. Kh2 Nxe2 62. Nf5 Re5 63. Nxe3 Rxe3 64. Rf2 Nd4 65.
Rf4 c3 66. Rf7+ Kc8 67. Rf8+ Kd7 68. Rf1 c2 69. Kg2 Rxa3 70. d6 b4 71. Rf8 b3
72. Rf4 b2 73. Rf8 Re3 74. Ra8 Nc6 75. Rf8 a5 76. Kf2 c1=Q 77. Rf7+ Ke6 78. Rf3
Qe1+ 79. Kg2 Re2+ 80. Kh3 Qh1+ 81. Kg3 Qh2# {Hossa checkmated} 0-1

[Event "ICS Rated standard match"]
[Site "204.178.125.65"]
[Date "2001.09.14"]
[Round "?"]
[White "petereks"]
[Black "Hossa"]
[Result "1/2-1/2"]
[WhiteElo "2494"]
[BlackElo "2218"]
[PlyCount "168"]
[EventDate "2001.??.??"]

1. d4 Nf6 2. c4 e6 3. Nf3 c5 4. g3 cxd4 5. Nxd4 d5 6. Bg2 Qa5+ 7. Nd2 dxc4 8.
Qc2 Be7 9. O-O c3 10. Qxc3 Qxc3 11. bxc3 O-O 12. Rb1 Nd5 13. c4 Nb6 14. Nb5 Nc6
15. Nxa7 Rxa7 16. Rxb6 Nd4 17. Re1 Bc5 18. Rb1 Rxa2 19. Ne4 Be7 20. Bb2 Rd8 21.
Nc3 Ra6 22. Red1 Rad6 23. Kh1 R6d7 24. h4 Bb4 25. e3 Nc6 26. Rxd7 Bxd7 27. Na4
Be8 28. Bc3 Bxc3 29. Nxc3 Na5 30. c5 Kf8 31. Ne4 Rd5 32. Rc1 Nb3 33. Rc3 Ba4
34. g4 h5 35. gxh5 Rxh5 36. Bf3 Re5 37. Kg2 Ke7 38. Kg3 f5 39. Nd6 Rxc5 40.
Rxc5 Nxc5 41. Nxb7 Nxb7 42. Bxb7 e5 43. h5 Kf6 44. f4 Bb3 45. Bc6 e4 46. Kh4
Bf7 47. Bd7 Bc4 48. Bc6 Be6 49. Bb5 Bd5 50. Kg3 Bb3 51. Ba6 Bc2 52. Bc4 Bd3 53.
Bb3 Bb5 54. Bd5 Ba4 55. Kh4 Bd7 56. Bb3 Bb5 57. Ba2 Bf1 58. Bd5 Be2 59. Bg8 Bd3
60. Bh7 Bc4 61. Bg6 Bb5 62. Kg3 Bc6 63. Kf2 Bd7 64. Ke2 Ke7 65. Kd2 Ke6 66. Kc3
Bb5 67. Kd4 Bc6 68. Kc4 Ba4 69. Kb4 Bd1 70. Kc5 Bg4 71. Kc4 Bf3 72. Kc3 Be2 73.
Kb3 Bb5 74. Kb4 Bf1 75. Kc5 Be2 76. Kb6 Bf3 77. Kc6 Bg2 78. Kc5 Bf1 79. Kc6 Bc4
80. Kc5 Bd3 81. Kd4 Bb5 82. Kc5 Bd7 83. Kd4 Bc6 84. Kc5 Bd7 {
Game drawn by mutual agreement} 1/2-1/2

[Event "ICS rated standard match"]
[Site "204.178.125.65"]
[Date "2001.09.14"]
[Round "?"]
[White "Hossa"]
[Black "petereks"]
[Result "0-1"]
[WhiteElo "2229"]
[BlackElo "2483"]
[PlyCount "113"]
[EventDate "2001.??.??"]

1. c4 Nf6 2. g3 e5 3. Bg2 d5 4. cxd5 Nxd5 5. Nf3 Nc6 6. O-O Nb6 7. b3 Bd6 8. d4
O-O 9. Bb2 Qe7 10. Nc3 e4 11. Nd2 f5 12. Nc4 Re8 13. Nxd6 Qxd6 14. Nb5 Qd8 15.
Qd2 a6 16. Na3 Be6 17. Nc2 Qf6 18. f3 Bd5 19. fxe4 Bxe4 20. Bxe4 Rxe4 21. d5
Qxb2 22. dxc6 bxc6 23. Rxf5 Rae8 24. Raf1 h6 25. e3 Nd5 26. Qd3 Qxa2 27. Ra1
Qb2 28. Re1 a5 29. Rf2 Qe5 30. Rf3 c5 31. h3 Nb4 32. Nxb4 axb4 33. Re2 Qe6 34.
Kh2 c4 35. bxc4 Qxc4 36. Qd2 c5 37. Re1 Qb3 38. Kg2 c4 39. Qd5+ Kh7 40. Qd2 c3
41. Qd7 Qe6 42. Qd3 Qc4 43. Qd1 b3 44. Kf2 c2 45. Qa1 Rd8 46. Kg1 Qb4 47. Rff1
b2 48. Qa2 Qb8 49. Kg2 c1=Q 50. Rxc1 Rd2+ 51. Rf2 Rxf2+ 52. Kxf2 bxc1=Q 53. Qe2
Qh1 54. Qa2 Qf8+ 55. Ke2 Qff3+ 56. Kd3 Qxe3+ 57. Kc2 {Hossa resigns} 0-1

[Event "ICS rated blitz match"]
[Site "204.178.125.65"]
[Date "2001.09.14"]
[Round "?"]
[White "Kasha"]
[Black "Hossa"]
[Result "0-1"]
[WhiteElo "2144"]
[BlackElo "2609"]
[PlyCount "120"]
[EventDate "2001.??.??"]

1. d4 Nf6 2. c3 d6 3. Bf4 Nd5 4. Bc1 Nb6 5. Nf3 d5 6. e3 g6 7. Bd3 Bg7 8. O-O
Bf5 9. Qc2 Bxd3 10. Qxd3 O-O 11. Nbd2 N8d7 12. e4 c5 13. e5 Rc8 14. b3 cxd4 15.
cxd4 Rc6 16. Bb2 f6 17. exf6 Rfxf6 18. Rac1 Bh6 19. Rxc6 Rxc6 20. Rc1 Rxc1+ 21.
Bxc1 Qc7 22. Bb2 Bf4 23. g3 Bh6 24. Kg2 Qc8 25. Qc3 Qb8 26. a4 Qd8 27. Qd3 Qc7
28. Qc3 Na8 29. Qxc7 Nxc7 30. Ba3 Kf7 31. Nf1 Ne8 32. Ne1 Bg7 33. Bb2 e5 34.
dxe5 Bxe5 35. Bxe5 Nxe5 36. Nf3 Kf6 37. Ne3 Nxf3 38. Kxf3 Ke5 39. Nc2 d4 40.
Ke2 Nc7 41. Kd3 Ne6 42. f4+ Kd5 43. Nb4+ Kc5 44. Nc2 a5 45. h3 Kd5 46. Ne1 Nc5+
47. Kc2 Ke4 48. Kb2 d3 49. Kc3 Ke3 50. b4 Ne4+ 51. Kb2 d2 52. Nc2+ Kf2 53. Ne3
Kxe3 54. Kc2 Ke2 55. bxa5 d1=Q+ 56. Kb2 Qd2+ 57. Kb3 Qc3+ 58. Ka2 Nd2 59. a6
Qc2+ 60. Ka3 Qb3# {Kasha checkmated} 0-1

[Event "ICS rated blitz match"]
[Site "204.178.125.65"]
[Date "2001.09.14"]
[Round "?"]
[White "Hossa"]
[Black "Kasha"]
[Result "1-0"]
[WhiteElo "2611"]
[BlackElo "2142"]
[PlyCount "53"]
[EventDate "2001.??.??"]

1. e4 d5 2. exd5 Qxd5 3. d4 c6 4. Nc3 Qa5 5. Nf3 Bf5 6. Be2 e6 7. Bd2 Nf6 8.
Nh4 Bg6 9. Nxg6 hxg6 10. h3 Qc7 11. Be3 Bd6 12. Qd2 Nbd7 13. O-O-O O-O-O 14.
Kb1 Rhe8 15. Bd3 e5 16. d5 Nxd5 17. Nxd5 cxd5 18. Bxa7 Bc5 19. Bxc5 Qxc5 20.
Qe2 Nf6 21. Rhe1 e4 22. Bb5 Re6 23. Rd2 Rb6 24. a4 Rbd6 25. c3 d4 26. cxd4 Rxd4
27. Rc2 {Kasha resigns} 1-0